[Event "Mittelfrankenliga-B1 0607"]
[Site "Mittelfranken"]
[Date "2006.11.12"]
[Round "2.8"]
[White "Seidler, Horst"]
[Black "Klek, Hanna Marie"]
[Result "0-1"]
[WhiteElo "1745"]
[BlackElo "1980"]
[PlyCount "166"]
[EventDate "2006.10.22"]
[EventType "team-tourn"]
[EventRounds "9"]
[EventCountry "GER"]
[SourceTitle "EXT 2011"]
[Source "ChessBase"]
[SourceDate "2010.11.26"]
[SourceVersion "1"]
[SourceVersionDate "2010.11.26"]
[SourceQuality "1"]
[WhiteTeam "Schwanstetten"]
[BlackTeam "Erlangen SC"]
[WhiteTeamCountry "GER"]
[BlackTeamCountry "GER"]

1. c4 e5 2. Nc3 Nc6 3. g3 g6 4. Bg2 Bg7 5. d3 f5 6. e3 Nf6 7. Nge2 0-0 8. 0-0 d6 9. a3 Qe7 10. b4 Kh8 11. Qc2 g5 12. b5 Nd8 13. f4 gxf4 14. exf4 Ng4 15. Nd5 Qf7 16. Rb1 Ne6 17. Ne3 exf4 18. Nxg4 fxg4 19. Bxf4 Qg6 20. Be4 Qh5 21. Be3 Nc5 22. Rxf8+ Bxf8 23. Bd4+ Bg7 24. Bxg7+ Kxg7 25. Qb2+ Qe5 26. d4 Qxe4 27. dxc5+ Qe5 28. cxd6 cxd6 29. Qxe5+ dxe5 30. Rc1 Bd7 31. a4 a6 32. Nc3 Rc8 33. Nd5 Be6 34. Nb6 Rc5 35. Rd1 axb5 36. axb5 Rc7 37. Rd8 Kg6 38. Rb8 Kf5 39. Kf2 Ke4 40. Ke2 Kd4 41. Kd2 Bxc4 42. Nxc4 Kxc4 43. b6 Rd7+ 44. Ke3 Kc5 45. Re8 Kxb6 46. Rxe5 Rg7 47. Kd4 Rg6 48. Kc4 Ka6 49. Kb4 b6 50. Re7 Rh6 51. Re2 Rh5 52. Ra2+ Ra5 53. Rf2 Re5 54. Ra2+ Kb7 55. Rc2 h5 56. Ka4 Ka6 57. Kb4 Re4+ 58. Kb3 Kb5 59. Rf2 Re3+ 60. Kb2 Rf3 61. Re2 Kc4 62. Rd2 b5 63. Re2 Kd3 64. Re5 Rf2+ 65. Kb3 Rxh2 66. Rxb5 Ke3 67. Rf5 Rh3 68. Kc2 Ke4 69. Rg5 Rxg3 70. Rxh5 Kf3 71. Rf5+ Kg2 72. Kd2 Rf3 73. Rg5 g3 74. Ke2 Rf8 75. Rh5 Re8+ 76. Kd2 Kf2 77. Rf5+ Kg1 78. Rf7 g2 79. Rf6 Re5 80. Rf8 Kh2 81. Rh8+ Kg3 82. Rg8+ Kh3 83. Rh8+ Kg4 0-1